000 00293nam a22001337a 4500
008 181010b xxu||||| |||| 00| 0 eng d
020 _a0201604582
041 _aeng
080 _23rd
_a004
100 _a28
101 _aSHK
245 _aOpen GL Programming Guide
_cWoo,M
942 _2udc
_cBK
999 _c49259
_d49259